Statistics for Comedy Movie Quotes

Click here to take the quiz!

General Stats

  • This quiz has been taken 26,154 times
    (4,473 since last reset)
  • The average score is 10 of 20

Answer Stats

Quote Movie % Correct
This one time, at band camp...American Pie
73%
Keep the change, ya filthy animal.Home Alone
73%
My country send me to United States to make movie-film. Please, come and
see my film. If it not success, I will be execute.
Borat
73%
You stay classy, San Diego.Anchorman
71%
Roger, Roger. What's our vector, Victor?Airplane
70%
Just a flesh wound.Monty Python and the Holy Grail
68%
Do I make you horny?Austin Powers
68%
You don’t even have a first name. It just says "Name: McLovin".Superbad
66%
Wanna hear the most annoying sound in the world?Dumb & Dumber
53%
I have nipples, Greg. Could you milk me?Meet the Parents
53%
We're not worthy! We're not worthy!Wayne's World
53%
Life moves pretty fast. If you don't stop and look around once in a while,
you could miss it.
Ferris Bueller's Day Off
48%
Stop trying to make fetch happen.Mean Girls
47%
You’re my boy Blue!Old School
38%
Sounds like somebody's got a case of the Mondays.Office Space
37%
That's what I love about these high school girls, man. I get older
and they stay the same age.
Dazed and Confused
35%
I was born a poor black child.The Jerk
33%
Who is your daddy, and what does he do?Kindergarten Cop
30%
Do you understand the words that are coming out of my mouth !?Rush Hour
29%
O'Doyle rules!Billy Madison
29%

Score Distribution

Percentile by Number Answered

Percent of People with Each Score

Your Score History

You have not taken this quiz since the last reset